000 00353nam a2200145Ia 4500
008 150201s2006 xx 000 0 und d
082 _a617.6
_bE2006H
100 _aHAIKSHAW
245 _aEVIDENCE BASED DENTISTRY
250 _a1ST
260 _bBLACKWELL SCIENCE PUB.
_aEDINBURGH
_c2006
300 _a1-225
650 _aORTHODONTICS
942 _2ddc
_cBK
999 _c4134
_d4134